| 000 | 00805nam a2200229 i 4500 | ||
|---|---|---|---|
| 001 | 141024 | ||
| 003 | ES-MaACL | ||
| 005 | 20250703061520.0 | ||
| 007 | t| | ||
| 008 | 150310s1961 fr ||||1| fre d | ||
| 100 | 0 |
_aMongrédien, Georges. _982202 |
|
| 245 | 1 | 3 |
_aLa journée des dupes _b: 10 novembre 1630 / _cpar Georges Mongrédien. |
| 260 |
_a[Paris] : _bGallimard, _cimpr. 1961. |
||
| 300 |
_aXXIV, 276 p., [24] p. delám. : _bil. ; _c21 cm. |
||
| 490 | 1 |
_aTrente journées qui ont fait la France ; _v14 |
|
| 504 | _aBibliogr. p. 243-256. | ||
| 600 | 0 | 7 |
_aLuis _bXIII, _cRey de Francia _2 _9129133 |
| 651 | 4 |
_aFrancia- _xHistoria- _y1610-1643, Luis XIII. _9161635 |
|
| 830 | 0 |
_aTrente journées qui ont fait la France ; _v14 _9182109 |
|
| 852 |
_aES-MaACL _jE-15462 |
||
| 999 |
_c141024 _d141024 |
||